01130nab a22001937a 4500003000400000005001700004008004100021040000700062100002200069245012300091260004200214300001200256500003700268505038400305505008900689650002000778650002400798773011400822OSt20260225100959.0190506c xxu||||| |||| 00| 0 spa d cPJ aSeguro, Silvia M.10aGestión humana. Puesta en funcionamiento de la oficina de asistencia y apoyo permanente de la CNAT /cSilvia Seguro. aBuenos Aires :bAbeledoPerrot,c2025. ap. 7-12 aCita: TR LALEY AR/DOC/3181/2024. aSumario: I. Introducción al couseling.— II. Contexto social del nacimiento del counseling.— III. Orígenes y definición.— IV. Enfoque preventivo en el counseling.— V. Evaluación y medición de la eficacia.— VI. Importancia del counseling en el ambiente laboral y la gestión.— VII. Resumen y perspectiva.— VIII. Objetivos específicos y trabajo de campo.  t¿Te interesa el texto completo? Comunicate al correo: koha@justierradelfuego.gov.ar 0aDERECHO LABORAL 0aCOMPETENCIA LABORAL0 02751dBuenos Aires : AbeledoPerrot, 2013-tRevista de derecho laboral y seguridad social. Nº 2 - Enero 2025